|
|
|
|
| LEADER |
01252nam a2200289 a 4500 |
| 001 |
3824408 |
| 008 |
090803r20021929ii abf b 001 0beng d |
| 010 |
|
|
|a 86020130
|
| 020 |
|
|
|a 8187570563
|
| 040 |
|
|
|a DLC
|c DLC
|d DLC
|
| 082 |
0 |
0 |
|a 910/.9 s
|a 910/.4
|2 21
|
| 100 |
0 |
|
|a Ibn Batuta,
|d 1304-1377.
|
| 240 |
1 |
0 |
|a Tuḥfat al-nuẓẓār fī gharāʼib al-amṣār wa-ʻajāʼib al-asfār.
|l English.
|k Selections
|
| 245 |
1 |
4 |
|a The travels of Ibn Battuta, /
|c translated and selected by H.A.R. Gibb.
|
| 260 |
|
|
|a New Delhi :
|b Goodword books,
|c 1929 [Reprinted 2002]
|
| 300 |
|
|
|a 398 p. :
|b ill., maps ;
|c 22 cm.
|
| 504 |
|
|
|a Includes bibliographical references and indexes.
|
| 541 |
1 |
|
|e 00014368
|
| 600 |
0 |
0 |
|a Ibn Batuta,
|d 1304-1377.
|
| 651 |
|
0 |
|a Islamic Empire
|x Description and travel
|x Early works to 1800.
|
| 650 |
|
0 |
|a Travelers
|z Islamic Empire
|x Biography.
|
| 700 |
1 |
|
|a Defremery, C.
|
| 700 |
1 |
|
|a Sanguinetti, B. R.
|
| 700 |
1 |
|
|a Gibb, H. A. R.
|q (Hamilton Alexander Rosskeen),
|c Sir,
|d 1895-1971.
|
| 852 |
4 |
|
|a Ayesha Abed Library
|j General shelf
|
| 999 |
|
|
|c 3031
|d 3031
|
| 952 |
|
|
|0 0
|1 4
|2 ddc
|4 0
|6 910_900000000000000_IBN
|7 0
|9 2746
|a BRACUL
|b BRACUL
|c GEN
|d 2009-08-18
|g 380.00
|l 0
|o 910.9 IBN
|p 3010014368
|r 2009-08-18
|t 1
|w 2009-08-18
|y BK
|x Koha Inventory 2020
|